00962cam a22002654a 4500999001700000001000900017005001700026008004100043010001700084020002600101040001800127042000800145043001200153050002200165100004600187245006600233260006400299300005300363504006400416650001800480650002100498650002300519942003200542952012200574 c18074d180741222595120161202123530.0001108s2001 enkaf b 001 0 eng  a 00065141  a0521780691 (hardback) aDLCcDLCdDLC apcc ae-it---00aN6914 b.S65 20011 aSohm, Philip L.q(Philip Lindsay),d1951-10aStyle in the art theory of early modern Italy /cPhilip Sohm. aCambridge ;aNew York :bCambridge University Press,c2001. axii, 315 p., [16] p. of plates :bill. ;c27 cm. aIncludes bibliographical references (p. 205-307) and index. 0aArt, Italian. 0aArtxPhilosophy.00aStyle (Philosophy) 2lcccBOOKShN6914 .S65 2001 00102lcc4070aMUCbMUCcGENd2016-12-02eDonation(B.F.A)l0oN6914 .S65 2001p28824r2016-12-02w2016-12-02yBOOKS